Jumbled Sets Quiz Stats

Quiz Updated Mar 6, 2012

Also try: Speed Jumble
Challenge
Share
Tweet
Embed
Score 0/30 Timer 09:00
3 Plays Today
% Correct
E - Pluto
98.9%
H - Mars
96.6%
A - Venus
95.2%
T - Saturn
93.3%
R - Neptune
88.3%
M - Oregon
81.6%
I - Texas
81.6%
E - Utah
78.2%
O - Iron
76.4%
Earth
75%
O - Silver
67.2%
Maine
65.8%
N - Michigan
65.5%
N - Australia
65.2%
E - Obama
60.2%
% Correct
R - Nickel
52.5%
Boron
52.3%
B - Argon
50.9%
Y - Carter
41.3%
R - Reagan
38.7%
T - Madison
37.3%
Tyler
35.2%
Nepal
33%
L - Hayes
29.5%
A - Minnesota
28.6%
P - Iceland
23.8%
E - Burundi
22.5%
A - Dominica
19.1%
N - Arsenic
15.7%
L - Estonia
14%

You're not logged in!

Compare scores with friends on all Sporcle quizzes.
Sign Up with Email
OR
Log In

You Might Also Like...

Show Comments

Extras

Top Quizzes Today


Score Distribution

Your Account Isn't Verified!

In order to create a playlist on Sporcle, you need to verify the email address you used during registration. Go to your Sporcle Settings to finish the process.